000 00611nam a2200181 4500
001 145442
003 ES-MaACL
005 20230906201231.0
007 t|
008 070214s1960 ag r ||||1| spa d
100 1 _aStern, Alfred.
_9108120
245 1 0 _aFilosofía de los valores
_b: panorama de las tendencias actuales en Alemania /
_cAlfred Stern ; [traducción de Humberto Piñera Llera].
250 _a2ª ed. rev. y ampl.
260 _aBuenos Aires :
_bCompañía General Fabril,
_c1960.
300 _a177 p. ;
_c20 cm.
700 1 _aPiñera, Humberto.
_992267
852 _aES-MaACL
_jE-9583
_bR.94060
999 _c145442
_d145442